00732 2200217 4500001002100000005001700021008004100038035002400079082001500103090002500118100004800143245015900191250001100350260002800361300002900389650004700418850001500465980001300480985000600493999001500499YOGYA-0209000002473420090227023905.0 ind  0010-020900000024734 a344.012 52 a344.012 52bInd HlR aINDONESIA. (Undang-undang, Peraturan, dsb.) aHimpunan peraturan perundang-undangan dana pensiun 1996bundang-undang dana pensiun, peraturan pelaksanaan dana pensiun, petunjuk pelaksanaan dana pensiun aCet. 1 aJakartabEka Jayac1996 avi, 229 hlmbilusc21 cm aDana pensiun - Undang-undang dan peraturan aYOPDYOG(B) a08-03-07 a1 a06A0022290